| 000 | 00374nam a2200133Ia 4500 | ||
|---|---|---|---|
| 005 | 20260326235439.0 | ||
| 008 | 260326s9999||||xx |||||||||||||| ||und|| | ||
| 100 | _aLevene, Ricardo | ||
| 245 | 0 |
_aMomumentos y lugares Históricos de la República Argentina / _cRicardo Levene |
|
| 260 | _bGuillermo Kraft | ||
| 300 | _a170 p. | ||
| 650 | _aARQUITECTURA REGIONAL | ||
| 942 | _cBK | ||
| 999 |
_c7355 _d7355 |
||